[Event "Barquisimeto Fide Arbiter"]
[Site "Barquisimeto"]
[Date "2020.02.09"]
[Round "7.1"]
[White "Romero Marino, Samuel David"]
[Black "Paradas, Freddy"]
[Result "1-0"]
[WhiteElo "1811"]
[BlackElo "1808"]
[PlyCount "89"]
[EventDate "2020.02.07"]
[EventType "schev"]
[EventRounds "7"]
[EventCountry "VEN"]
[SourceTitle "EXT 2021"]
[Source "ChessBase"]
[SourceDate "2020.10.23"]
[SourceVersion "1"]
[SourceVersionDate "2020.10.23"]
[SourceQuality "1"]
[WhiteTeam "Robert Fischer CC"]
[BlackTeam "Orianita Aponte Academia"]
[WhiteTeamCountry "VEN"]
[BlackTeamCountry "VEN"]

1. e4 g6 2. d4 Bg7 3. f4 c5 4. e5 cxd4 5. Qxd4 Nc6 6. Qe4 d5 7. Qf3 Nh6 8. Nc3 e6 9. Bd2 Nf5 10. 0-0-0 a6 11. g4 Nfe7 12. Bd3 b5 13. h4 h5 14. gxh5 Rxh5 15. Nge2 Nb4 16. Ng3 Rh8 17. h5 Bb7 18. hxg6 fxg6 19. Rxh8+ Bxh8 20. Nce2 Nxd3+ 21. Qxd3 Qc7 22. Bb4 Qc4 23. Qxc4 dxc4 24. Rd6 Bc8 25. Nd4 Nd5 26. Ba5 Kf7 27. Bd2 g5 28. Rd8 Bg7 29. Ne4 gxf4 30. Nd6+ Kg6 31. Nxc8 Bxe5 32. Nxe6 f3 33. Be1 Ne3 34. Ne7+ Kf6 35. Rxa8 Kxe6 36. Ng6 Bd4 37. Bf2 Kf5 38. Rxa6 Kg4 39. c3 Bc5 40. Kd2 Nf1+ 41. Ke1 Bxf2+ 42. Kxf2 Nd2 43. Ne5+ Kf4 44. Nxf3 Nxf3 45. Rf6+ 1-0

[Event "VEN-ch U17"]
[Site "Caracas"]
[Date "2019.08.10"]
[Round "8"]
[White "Velasquez Cristancho, Juan Pablo"]
[Black "Romero Marino, Samuel David"]
[Result "1-0"]
[WhiteElo "1731"]
[BlackElo "1881"]
[PlyCount "79"]
[EventDate "2019.08.07"]
[EventType "swiss"]
[EventRounds "9"]
[EventCountry "VEN"]
[SourceTitle "EXT 2020"]
[Source "ChessBase"]
[SourceDate "2019.10.17"]
[SourceVersion "1"]
[SourceVersionDate "2019.10.17"]
[SourceQuality "1"]

1. e4 c5 2. Nf3 d6 3. d4 cxd4 4. Nxd4 Nf6 5. Nc3 a6 6. Bc4 e6 7. Bb3 b5 8. a3 Bb7 9. Qe2 Nc6 10. Be3 Qa5 11. 0-0 Ne5 12. f3 Be7 13. Bxe6 fxe6 14. Nxe6 b4 15. axb4 Qxb4 16. Nc7+ Kd7 17. Nxa8 Rxa8 18. Rfb1 Bc6 19. Rxa6 Rb8 20. Na2 Qc4 21. Qxc4 Nxc4 22. Bd4 Ne5 23. b3 Bb5 24. Rb6 Rxb6 25. Bxb6 Ke6 26. c4 Ba6 27. Rd1 Ned7 28. Be3 Nc5 29. Nc1 Nfd7 30. Ne2 Ne5 31. Nd4+ Kf7 32. Nf5 Ne6 33. Ra1 Bc8 34. Nxe7 Kxe7 35. c5 Nc6 36. Rc1 dxc5 37. Bxc5+ Kf6 38. b4 Ba6 39. Kf2 Bb5 40. Ke3 1-0

[Event "VEN-ch U20"]
[Site "Maracay"]
[Date "2018.05.31"]
[Round "5"]
[White "Romero Marino, Samuel David"]
[Black "Camargo Picon, Josue Fernando"]
[Result "0-1"]
[WhiteElo "1876"]
[BlackElo "1898"]
[PlyCount "70"]
[EventDate "2018.05.31"]
[EventType "swiss"]
[EventRounds "7"]
[EventCountry "VEN"]
[SourceTitle "EXT 2019"]
[Source "ChessBase"]
[SourceDate "2018.10.10"]
[SourceVersion "1"]
[SourceVersionDate "2018.10.10"]
[SourceQuality "1"]

1. e4 d6 2. d4 Nf6 3. Nc3 g6 4. Be2 Bg7 5. Be3 c6 6. Qd2 b5 7. f3 Nbd7 8. g4 Bb7 9. h4 h5 10. g5 Nh7 11. a3 a5 12. d5 cxd5 13. exd5 b4 14. Nd1 0-0 15. c4 Nc5 16. Rb1 Bc8 17. Bxc5 dxc5 18. Nf2 Qb6 19. a4 Bd7 20. Bd1 Qa6 21. Qe2 e6 22. dxe6 Bxe6 23. b3 Rad8 24. Ne4 Bf5 25. Bc2 Bxe4 26. Bxe4 Bc3+ 27. Kf1 Rd2 28. Qe3 Ra2 29. Ne2 Rd8 30. Bd5 Nf8 31. Rd1 Ne6 32. Nxc3 bxc3 33. Qxc3 Nd4 34. Be4 Qb6 35. f4 Qd6 0-1

[Event "Barquisimeto Steinitz Memorial"]
[Site "Barquisimeto"]
[Date "2017.08.19"]
[Round "2"]
[White "Romero Marino, Samuel David"]
[Black "Mendoza Aguilar, Gustavo Andres"]
[Result "0-1"]
[WhiteElo "1869"]
[BlackElo "2138"]
[PlyCount "92"]
[EventDate "2017.08.18"]
[EventType "swiss"]
[EventRounds "6"]
[EventCountry "VEN"]
[SourceTitle "CBM 180 Extra"]
[Source "ChessBase"]
[SourceDate "2017.10.06"]
[SourceVersion "1"]
[SourceVersionDate "2017.10.06"]
[SourceQuality "1"]

1. e4 e6 2. d4 d5 3. exd5 Qxd5 4. Nf3 Nf6 5. Bd3 c5 6. Nc3 Qd8 7. 0-0 cxd4 8. Nxd4 Be7 9. Be3 a6 10. Qe2 0-0 11. Rad1 Nbd7 12. Ne4 Qc7 13. Nf3 b5 14. Nxf6+ Nxf6 15. Bd4 Bb7 16. Ng5 Qc6 17. f3 Bc5 18. Be4 Bxd4+ 19. Rxd4 Qc5 20. Qe3 Bxe4 21. Nxe4 Nxe4 22. Rxe4 Qxc2 23. Qf2 Rac8 24. Re2 Qc7 25. Rd1 Rfd8 26. Red2 g6 27. Rxd8+ Rxd8 28. Rxd8+ Qxd8 29. Qc2 Qd4+ 30. Kf1 Kg7 31. Ke2 Kf6 32. g3 Qc4+ 33. Qxc4 bxc4 34. f4 e5 35. Ke3 Ke6 36. a3 f5 37. h3 h5 38. h4 Kd5 39. fxe5 Kxe5 40. b4 a5 41. Kd2 Ke4 42. Ke2 f4 43. gxf4 Kxf4 44. Kd2 g5 45. hxg5 Kxg5 46. Kc2 h4 0-1

[Event "VEN-ch U14 3rd"]
[Site "San Antonio"]
[Date "2016.04.02"]
[Round "4.4"]
[White "Romero Marino, Samuel David"]
[Black "Escalona Landi, Samid Eduardo"]
[Result "1/2-1/2"]
[WhiteElo "1734"]
[BlackElo "1615"]
[PlyCount "120"]
[EventDate "2016.04.01"]
[EventType "swiss"]
[EventRounds "7"]
[EventCountry "VEN"]
[SourceTitle "EXT 2022"]
[Source "ChessBase"]
[SourceDate "2021.10.06"]
[SourceVersion "1"]
[SourceVersionDate "2021.10.06"]
[SourceQuality "1"]

1. e4 c5 2. Nf3 Nc6 3. d4 cxd4 4. Nxd4 Qb6 5. Nb3 Nf6 6. Nc3 e6 7. Be3 Qc7 8. f3 Bb4 9. Qd2 a6 10. a3 Be7 11. Nd4 0-0 12. 0-0-0 b5 13. Nxc6 Qxc6 14. e5 Ne8 15. Qd4 b4 16. axb4 Rb8 17. b5 axb5 18. Qe4 Qa6 19. Bd3 f5 20. Qd4 d5 21. Qa7 Qxa7 22. Bxa7 Ra8 23. Nxb5 Bg5+ 24. Kb1 Bd7 25. Bc5 Rf7 26. Nd6 Nxd6 27. Bxd6 Bc6 28. c4 Ba4 29. Bc2 dxc4 30. Bxa4 Rxa4 31. Kc2 Bd8 32. Bc5 Be7 33. Bxe7 Rxe7 34. Rd8+ Kf7 35. Rhd1 Raa7 36. Rc8 f4 37. Rxc4 g5 38. h4 Kg6 39. Rdd4 Rf7 40. Rd6 Kf5 41. hxg5 Kxe5 42. Rdd4 Rac7 43. Re4+ Kd5 44. b3 Rxc4+ 45. bxc4+ Kd6 46. Rd4+ Kc5 47. Kc3 Rf5 48. Re4 e5 49. Re2 Rxg5 50. Kd3 h6 51. Rb2 Kc6 52. Ke4 Kc5 53. Rb5+ Kxc4 54. Rxe5 Rxg2 55. Kxf4 Rg8 56. Ke4 Rh8 57. Kf5 h5 58. Kg5 Kd4 59. Ra5 h4 60. Ra4+ Ke3 1/2-1/2

[Event "VEN-ch U20"]
[Site "Maturin"]
[Date "2015.05.13"]
[Round "1"]
[White "Vidal Melendez, Ismael David"]
[Black "Romero Marino, Samuel David"]
[Result "1-0"]
[WhiteElo "2191"]
[BlackElo "1637"]
[PlyCount "53"]
[EventDate "2015.05.13"]
[EventType "swiss"]
[EventRounds "7"]
[EventCountry "VEN"]
[SourceTitle "EXT 2018"]
[Source "ChessBase"]
[SourceDate "2017.10.13"]
[SourceVersion "1"]
[SourceVersionDate "2017.10.13"]
[SourceQuality "1"]

1. d4 e6 2. c4 Nf6 3. Nc3 d5 4. cxd5 exd5 5. Bg5 Bb4 6. Qc2 Nc6 7. Nf3 Bg4 8. Ne5 Bxc3+ 9. Qxc3 Bd7 10. e3 h6 11. Bxf6 Qxf6 12. Nxd7 Kxd7 13. Bd3 Rhe8 14. 0-0 g5 15. Rac1 h5 16. Qb3 Qe6 17. Qxb7 Rab8 18. Qa6 Rb6 19. Qa4 Qf6 20. Rc5 Rxb2 21. Rxd5+ Ke7 22. Qa3+ Rb4 23. Rc1 Reb8 24. Rdc5 Nd8 25. Bb5 a5 26. Qxa5 Rb2 27. Rxc7+ 1-0